Yeat Charting Songs (Billboard Hot 100) - Statistics

General Stats
  • This quiz has been taken 762 times
    26 since last reset
  • The average score is 8 of 15
Answer Stats
Album Weeks On Peak Artist(s) Song % Correct
For All the Dogs 20 Weeks #2 Drake ft. Yeat IDGAF
92%
Up 2 Më 4 Weeks #95 Yeat Money So Big
80%
Lyfë 1 Week #77 Yeat ft. Lil Uzi Vert Flawless
76%
2093 6 Weeks #42 Yeat Breathe
68%
Dangerous Summer 2 Weeks #93 Yeat Come N Go
68%
Non-Album Single 1 Week #53 Drake, Julia Wolf & Yeat Dog House
68%
2 Alivë 1 Week #91 Yeat Poppin
56%
Lyfë 5 Weeks #42 Yeat Talk
56%
Octane 3 Weeks #30 Don Toliver ft. Yeat Rendezvous
48%
Afterlyfe 1 Week #83 Yeat ft. YoungBoy Never Broke Again Shmunk
40%
Afterlyfe 1 Week #77 Yeat No More Talk
28%
2093 1 Week #89 Yeat Psycho CEO
28%
Afterlyfe 1 Week #79 Yeat Split
24%
Non-Album Single 1 Week #99 Yeat Rich Minion
16%
Non-Album Single 1 Week #97 Yeat & Don Toliver Griddle
8%
No matching quizzes found
Score Distribution
Percent of People with Each Score
Percentile by Number Answered
Your Score History
You have not taken this quiz since the last reset